Statistics for Undertale Quiz

Click here to take the quiz!

General Stats

  • This quiz has been taken 14 times
  • The average score is 19 of 34

Answer Stats

DescriptionAnswer% Correct
Main ProtagonistFrisk
100%
Scientist LizardAlphys
90%
King of UndergroundAsgore
90%
Goat boi at end of pacifistAsriel
90%
Sister of aboveChara
90%
Flower the KillerFlowey
90%
Famous RobotMettaton
90%
Brother of abovePapyrus
90%
Funny SkeletonSans
90%
Goat MomToriel
90%
Warrior FishUndyne
90%
Dad of skeletonsGaster
70%
Kid in WaterfallMonster Kid
70%
a guy selling nice creamsNice Cream Guy
70%
Genocide FishUndyne The Undying
70%
Old Turtle in WaterfallGerson
60%
First WeaponStick
60%
Weapon what you can find in RuinsToy Knife
60%
Nintendo Switch Snowdin secret bossMad Mew Mew
50%
Genocide RobotMettaton NEO
50%
MTT Resort sellerBurgerpants
40%
First enemyDummy
40%
Snowdin mini bossGreater Dog
40%
First food what you can gainMonster Candy
40%
Ruins mini bossNapstablook
40%
Secret Hotland bossSo sorry
40%
Person on boat to travelRiver Man
30%
Food what give defense on begginingBandage
20%
Siblings(?) in GarbageCatty and Bratty
20%
Waterfall mini bossMad Dummy
20%
Spider ShopSpider Bake Sale
20%
Temmie shopTem Shop
20%
Toriel PieButterscoth Pie
0%
Snowdin SellerSnowdin Shopkeeper
0%

Score Distribution

Percentile by Number Answered

Percent of People with Each Score

Your Score History

You have not taken this quiz